NIIF para PYMES: (Registro nro. 17324)
[ vista simple ]
| 000 -Cabecera | |
|---|---|
| Campo de control interno | 01020nam a2200229Ia 4500 |
| 005 - Fecha y hora del registro | |
| control field | 20260330151347.0 |
| 008 - Elementos de Longitud Fija | |
| fixed length control field | 260306s9999||||xx |||||||||||||| ||und|| |
| 041 ## - Idioma | |
| Codigo Idioma | ESP |
| 082 ## - DEWEY y NOTACIÓN INTERNA | |
| Dewey | 657.61 |
| Notación Interna | V19 |
| 100 ## - AUTOR | |
| Autor denominación | Valdivia Asenjo, Jefferson |
| Término de relación | autor |
| 245 #0 - TÍTULO DE MATERIAL BIBLIOGRÁFICO | |
| Título | NIIF para PYMES: |
| Título paralelo | ingresos y gastos: NIIF para PYMES: activo y pasivo |
| 260 ## - CIUDAD, EDITORIAL, AÑO | |
| Año | 2022 |
| 300 ## - DESCRIPCIÓN | |
| N° Páginas | 64 páginas : |
| Dimensiones | 24 cm. |
| 650 ## - TEMAS | |
| Temas | Generalidades |
| 654 ## - PROGRAMAS | |
| Programa | Dpto. de Contabilidad |
| 856 ## - URL - UBICACIÓN | |
| URI/URL: Enlace exacto del recurso | <a href="https://itmsp.museknowledge.com/UCSP?url=https://www.ebooks7-24.com:443/?il=5661&pg=1">https://itmsp.museknowledge.com/UCSP?url=https://www.ebooks7-24.com:443/?il=5661&pg=1</a> |
| Nota pública: Versión digital | <a href="Véase además: Entendiendo el estándar NIIF para pymes, por Samuel Alberto Mantilla Blanco. Versión digital">Véase además: Entendiendo el estándar NIIF para pymes, por Samuel Alberto Mantilla Blanco. Versión digital</a> |
| 856 ## - URL - UBICACIÓN | |
| URI/URL: Enlace exacto del recurso | <a href="https://0u213up5l-y-https-ebooks7--24-com.itmsp.museknowledge.com/biblioteca.aspx">https://0u213up5l-y-https-ebooks7--24-com.itmsp.museknowledge.com/biblioteca.aspx</a> |
| Nota pública: Versión digital | <a href="Véase además: Base de datos Ebook7-24">Véase además: Base de datos Ebook7-24</a> |
| 856 ## - URL - UBICACIÓN | |
| URI/URL: Enlace exacto del recurso | <a href="https://www.legismovil.pe/lnp.asp">https://www.legismovil.pe/lnp.asp</a> |
| Nota pública: Versión digital | <a href="Véase además: Base de datos Legis Móvil">Véase además: Base de datos Legis Móvil</a> |
| 856 ## - URL - UBICACIÓN | |
| URI/URL: Enlace exacto del recurso | <a href="https://legal.legis.com.pe/home/Corporativo">https://legal.legis.com.pe/home/Corporativo</a> |
| Nota pública: Versión digital | <a href="Véase además: Base de datos Multilegis">Véase además: Base de datos Multilegis</a> |
| 942 ## - ELEMENTOS DE KOHA | |
| Tipo de documento | Libro |
| Nombre del creador | Justo Noguera |
| Código de catalogador | Justo Noguera |
| Esquema de clasificación | Dewey Decimal Classification |
| Codigo completo | Registro | Colección | Copia número | Disponibilidad | Tipo de préstamo | Biblioteca Actual | Procedencia (Biblioteca) | Ubicacón | Fecha Ingreso | Tipo de Adquisición | Date last seen | Total checkouts | Price effective from | Tipo de Item | Estado del Material | Fuente de Clasificación | Damaged status | Withdrawn status |
|---|---|---|---|---|---|---|---|---|---|---|---|---|---|---|---|---|---|---|
| 657.61 V19 | 1074743 | Universidad Católica San Pablo | 2 | Disponible | Disponible | Víctor Andrés Belaunde | Víctor Andrés Belaunde | Primer piso | 03/06/2026 | Compra | 06/03/2026 | 06/03/2026 | Libro | Bueno | Dewey Decimal Classification |




